Globálny terorizmus

Saved in:
Bibliographic Details
Main Author: Sviatko, Martin
Format: Book
Language:Slovak
Published: Banská Bystrica Euroatlantické centrum 2005
Edition:1. vyd.
Subjects:
Tags: Add Tag
No Tags, Be the first to tag this record!

MARC

LEADER 00000nam a2200000 4500
001 0208261
005 20230222124453.0
020 |a 80-969306-0-5 
041 0 |a slo 
044 |a SK 
245 1 0 |a Globálny terorizmus  |c Martin Sviatko 
250 |a 1. vyd. 
264 1 |a Banská Bystrica  |b Euroatlantické centrum  |c 2005 
300 |a 140 s. 
610 2 0 |a terorizmus 
610 2 0 |a globalizácia 
610 2 0 |a politika medzinárodná 
610 2 0 |a konflikty medzinárodné 
100 1 |a Sviatko, Martin